|
|
|
|
| LEADER |
01531nam a2200265 a 4500 |
| 001 |
GR-MES16546 |
| 008 |
140626s2013 gr gz 000 0 gre d |
| 040 |
|
|
|a GrPaTEI
|b gre
|c GR-PaULI
|
| 040 |
|
|
|a GrPaTEI
|b gre
|c GR-PaULI
|
| 100 |
1 |
|
|a Ζαμπάρας, Χριστόφορος
|
| 245 |
1 |
0 |
|a Αξιολόγηση της δράσης των HARPIN,ACIBENZOLAR-S-METHYL και LAMINARIN στήν μείωση της έντασης προσβολής φυτών κολοκυθιάς απο το μωσαικό της καρπουζιάς(WMV) /
|c Σπουδαστής: Χριστόφορος Β. Ζαμπάρα ; Επιβλέπων:Αριστείδης Παπαπαναγιώτου.
|
| 260 |
|
|
|a Aμαλιάδα :
|b ΤΕΙ Δυτικής Ελλάδας,
|c 2013
|
| 300 |
|
|
|a 58 σ. :
|b εικ.,σχημ.
|
| 504 |
|
|
|a βιβλιογραφία:σ.57
|
| 650 |
|
4 |
|a Πτυχιακή εργασία
|y 2013
|
| 650 |
|
4 |
|a Φυτοφάρμακα
|x Χρήση
|
| 653 |
|
|
|a Φυτά--ασθένειες
|
| 700 |
1 |
|
|a Παπαπαναγιώτου, Αριστείδης
|
| 710 |
0 |
|
|a Σ.ΤΕ.Γ..
|b Τμ.Τεχνολόγων Γεωπόνων
|
| 710 |
0 |
|
|a ΤΕΙ Δυτικής Ελλάδας
|
| 856 |
4 |
0 |
|u https://nereus.library.upatras.gr/formermes//ptyxiakes/steg/steg_teg/2011-2015/155pe.pdf
|
| 942 |
|
|
|2 ddc
|
| 952 |
|
|
|0 0
|1 0
|2 ddc
|4 0
|7 0
|9 274548
|a MSLG
|b MSLG
|c BSC
|d 2021-01-17
|e 24
|f 0
|g 0.00
|l 0
|p 24200155
|r 2021-01-17 00:00:00
|t 1
|v 2021.00
|w 2021-01-17
|y BK15
|x 20140626 0 K.G. 0
|x GrPaTEI
|
| 971 |
|
|
|a .b25825951
|b 15-04-20
|c 13-09-16
|
| 999 |
|
|
|c 158888
|d 158888
|